| 000 | 00580nam a2200193 a 4500 | ||
|---|---|---|---|
| 001 | 1024 | ||
| 005 | 20140414131922.0 | ||
| 008 | 041014s19uu xx 00 eng d | ||
| 020 | _a0-7667-8979-9 | ||
| 050 |
_aER _bUg6 2000 |
||
| 100 | _aMitchell, Adrian | ||
| 245 |
_aUgly duckling by Hand Christian Andersen (The) / _cretold by Adrian Mitchell, Jonathan Heale. |
||
| 260 |
_aLondon : _bDorling Kindersley, _c2000. |
||
| 300 | _a32 p. : ill. ; cm. | ||
| 650 |
_aDucklings _xFiction. |
||
| 650 |
_aSelf-acceptance _xFiction. |
||
| 650 | _aChildren stories. | ||
| 999 |
_c111802 _d111802 |
||